[Event "DEM U14w 2013"]
[Site "Oberhof GER"]
[Date "2013.05.24"]
[Round "8"]
[White "Semenova, Alisa"]
[Black "Brandl, Lea"]
[Result "0-1"]
[Termination "normal"]
[Board "6"]
[WhiteElo "1581"]
[BlackElo "1708"]
[PlyCount "86"]
[WhiteFideId "1272132"]
[BlackFideId "24693049"]
[EventCountry "GER"]
[EventRounds "9"]
[EventType "swiss"]
[EventDate "2013.05.18"]

1. e4 c5 2. Nf3 d6 3. d4 cxd4 4. Nxd4 Nf6 5. Nc3 a6 6. Bg5 e6 7. Qe2 Qb6 8.
O-O-O Nc6 9. Nb3 Bd7 10. f4 Qc7 11. g4 Be7 12. Bg2 Rb8 13. a3 b5 14. Na2 a5 15.
Rd3 b4 16. axb4 axb4 17. Kb1 Na5 18. Qd1 Qa7 19. Nbc1 Bb5 20. Rg3 Ba4 21. b3
Bc6 22. Re1 O-O 23. e5 dxe5 24. fxe5 Nd5 25. Bxe7 Qxe7 26. Bxd5 Bxd5 27. Qe2
Rfc8 28. Qe3 Nc6 29. Rh3 Na7 30. Qg3 Nb5 31. Qf2 Na3+ 32. Ka1 Nxc2+ 33. Kb1
Nxe1 34. Qxe1 Qc7 35. Qe2 Qc6 36. Re3 Qa8 37. h4 Rc7 38. Qe1 Qa3 39. Qd2 Rbc8
40. Qb2 Qa7 41. Rg3 Be4+ 42. Nd3 Bxd3+ 43. Rxd3 Qg1+ 0-1

[Event "DEM U14w 2013"]
[Site "Oberhof GER"]
[Date "2013.05.24"]
[Round "8"]
[White "Denkert, Anna"]
[Black "Simon, Tessa"]
[Result "1-0"]
[Termination "normal"]
[Board "7"]
[WhiteElo "1592"]
[BlackElo "1547"]
[PlyCount "47"]
[WhiteFideId "12938122"]
[BlackFideId "12929395"]
[EventCountry "GER"]
[EventRounds "9"]
[EventType "swiss"]
[EventDate "2013.05.18"]

1. e4 c5 2. Nc3 Nc6 3. f4 e6 4. Nf3 g6 5. Bb5 Nge7 6. O-O Bg7 7. Bxc6 Nxc6 8.
d3 O-O 9. g4 f5 10. gxf5 exf5 11. Qe1 d6 12. Qg3 Kh8 13. Kh1 Qe8 14. exf5 Bxf5
15. Bd2 Qf7 16. Ng5 Qf6 17. Rg1 Rae8 18. Qh4 h6 19. Nd5 Qd8 20. Nf3 Qxh4 21.
Nxh4 Kh7 22. Bc3 Nd4 23. Rg2 Re2 24. Bxd4 1-0

[Event "DEM U14w 2013"]
[Site "Oberhof GER"]
[Date "2013.05.24"]
[Round "8"]
[White "Ley, Sabrina"]
[Black "Kluge, Leyla"]
[Result "0-1"]
[Termination "normal"]
[Board "8"]
[WhiteElo "1479"]
[BlackElo "1678"]
[PlyCount "70"]
[WhiteFideId "12938130"]
[BlackFideId "12918172"]
[EventCountry "GER"]
[EventRounds "9"]
[EventType "swiss"]
[EventDate "2013.05.18"]

1. e4 c5 2. Nc3 Nc6 3. Bb5 g6 4. Bxc6 bxc6 5. f4 d6 6. Nf3 Bg7 7. d3 Qc7 8. O-O
Nh6 9. Qe1 f5 10. h3 O-O 11. Bd2 Nf7 12. Qh4 e5 13. exf5 Bxf5 14. g4 Be6 15.
Ne4 Rae8 16. Nfg5 Nxg5 17. Nxg5 Bf6 18. fxe5 dxe5 19. Nxe6 Rxe6 20. Bh6 Rf7 21.
Qe1 Qb6 22. b3 g5 23. Rf5 e4 24. Rd1 Qd8 25. Qf1 Bd4+ 26. Kg2 Rxf5 27. Qxf5
Rxh6 28. dxe4 Rd6 29. Rf1 Qe7 30. e5 Rd5 31. Qc8+ Rd8 32. Qxc6 Qxe5 33. Qf3 Qd5
34. Qxd5+ Rxd5 35. Rd1 Re5 0-1

[Event "DEM U14w 2013"]
[Site "Oberhof GER"]
[Date "2013.05.24"]
[Round "8"]
[White "Schumann, Rabea"]
[Black "Döpper, Anna Berenice"]
[Result "1-0"]
[Termination "normal"]
[Board "9"]
[WhiteElo "1497"]
[BlackElo "1532"]
[PlyCount "93"]
[WhiteFideId "12918199"]
[BlackFideId "1271853"]
[EventCountry "GER"]
[EventRounds "9"]
[EventType "swiss"]
[EventDate "2013.05.18"]

1. c4 e5 2. g3 Nf6 3. Bg2 c6 4. d4 exd4 5. Qxd4 d5 6. cxd5 cxd5 7. Nf3 Nc6 8.
Qa4 Bc5 9. O-O O-O 10. Bg5 Be6 11. Nc3 h6 12. Bxf6 Qxf6 13. Rad1 Rfd8 14. Ne1
Ne7 15. Nd3 Bb6 16. Nf4 d4 17. Ne4 Qe5 18. Nxe6 Qxe6 19. Rc1 Rac8 20. Qa3 Qe5
21. Bf3 Nf5 22. Nd2 Nd6 23. Rfd1 Qe6 24. Qb3 Qe7 25. Qb4 Qe6 26. Nb3 Rc4 27.
Rxc4 Nxc4 28. Nc5 Bxc5 29. Qxc5 b6 30. Qc7 Rd7 31. Qf4 Nxb2 32. Rxd4 Rxd4 33.
Qxd4 Nc4 34. Bd5 Qxe2 35. Qxc4 Qe1+ 36. Kg2 Qe7 37. Be4 Qd7 38. Qc6 Qxc6 39.
Bxc6 Kf8 40. Kf3 Ke7 41. Ke4 g6 42. a4 Kd6 43. Bb5 f5+ 44. Kd4 g5 45. f3 Ke6
46. Bc4+ Kd6 47. g4 1-0

[Event "DEM U14w 2013"]
[Site "Oberhof GER"]
[Date "2013.05.24"]
[Round "8"]
[White "Müller, Sophie"]
[Black "Kast, Larissa"]
[Result "1/2-1/2"]
[Termination "normal"]
[Board "11"]
[WhiteElo "1422"]
[BlackElo "1680"]
[PlyCount "45"]
[WhiteFideId "12926698"]
[BlackFideId "24699055"]
[EventCountry "GER"]
[EventRounds "9"]
[EventType "swiss"]
[EventDate "2013.05.18"]

1. c4 c5 2. Nc3 Nf6 3. g3 d5 4. Bg2 dxc4 5. Qa4+ Qd7 6. Qxc4 e5 7. Qb3 Nc6 8.
Nf3 Be7 9. d3 O-O 10. O-O Rb8 11. Bd2 b6 12. Rac1 Bb7 13. a3 Rbc8 14. Rfd1 Rfd8
15. Ng5 Qe8 16. Nf3 Na5 17. Qc2 Bd6 18. Bg5 Qe6 19. Nb5 a6 20. Nxd6 Qxd6 21.
Bxf6 Qxf6 22. Qc3 Re8 23. Bh3 1/2-1/2

[Event "DEM U14w 2013"]
[Site "Oberhof GER"]
[Date "2013.05.24"]
[Round "8"]
[White "Hacklinger, Dilan"]
[Black "Bach, Kira"]
[Result "1/2-1/2"]
[Termination "normal"]
[Board "12"]
[WhiteElo "1313"]
[BlackElo "1465"]
[PlyCount "44"]
[WhiteFideId "12952150"]
[BlackFideId "12907677"]
[EventCountry "GER"]
[EventRounds "9"]
[EventType "swiss"]
[EventDate "2013.05.18"]

1. e4 e6 2. Nf3 d5 3. e5 c5 4. b4 b6 5. a3 Nc6 6. c3 d4 7. cxd4 Nxd4 8. Bb2 Nc6
9. Bb5 Bd7 10. bxc5 Nxe5 11. Bxd7+ Nxd7 12. cxb6 Qxb6 13. Bd4 Qc7 14. Nc3 Ngf6
15. Qa4 Bc5 16. Bxc5 Qxc5 17. O-O O-O 18. Rac1 Nb6 19. Qb3 Nfd5 20. Nxd5 Qxd5
21. Qxd5 Nxd5 22. h3 h6 1/2-1/2

[Event "DEM U14w 2013"]
[Site "Oberhof GER"]
[Date "2013.05.24"]
[Round "8"]
[White "Giede, Anna-Blume"]
[Black "Möller, Hannah"]
[Result "0-1"]
[Termination "normal"]
[Board "13"]
[WhiteElo "1455"]
[BlackElo "1600"]
[PlyCount "76"]
[WhiteFideId "12921980"]
[BlackFideId "1270514"]
[EventCountry "GER"]
[EventRounds "9"]
[EventType "swiss"]
[EventDate "2013.05.18"]

1. c4 e5 2. Nc3 Nf6 3. g3 c6 4. Bg2 d5 5. cxd5 cxd5 6. e3 Be7 7. Nge2 O-O 8.
O-O Nc6 9. d4 e4 10. Nf4 Bf5 11. Qb3 Na5 12. Qc2 Rc8 13. b3 b5 14. Qd2 Bb4 15.
Bb2 Bg4 16. h3 Bf3 17. Bxf3 exf3 18. Rac1 Ne4 19. Qe1 Qd7 20. Kh2 Rc6 21. g4
Rh6 22. Rg1 g5 23. Nh5 f5 24. Qf1 fxg4 25. hxg4 Nf6 26. Qh3 Nxh5 27. gxh5 Bd6+
28. Rg3 Bxg3+ 29. Qxg3 Rxh5+ 30. Kg1 b4 31. Na4 Qh3 32. Qxh3 Rxh3 33. Rc5 Rf6
34. Rc8+ Kf7 35. Rc7+ Ke8 36. Rxa7 Rfh6 37. Ra8+ Kd7 38. Nc5+ Kc7 0-1

[Event "DEM U14w 2013"]
[Site "Oberhof GER"]
[Date "2013.05.24"]
[Round "8"]
[White "Silber, Stefanie"]
[Black "Richardt, Angelina"]
[Result "1/2-1/2"]
[Termination "normal"]
[Board "14"]
[WhiteElo "1253"]
[BlackElo "1398"]
[PlyCount "69"]
[WhiteFideId "12918245"]
[BlackFideId "12938149"]
[EventCountry "GER"]
[EventRounds "9"]
[EventType "swiss"]
[EventDate "2013.05.18"]

1. e4 e5 2. Nf3 d6 3. d4 exd4 4. Nxd4 g6 5. Nc3 Bg7 6. Be2 Ne7 7. O-O Nbc6 8.
Be3 O-O 9. Qd2 Bd7 10. Kh1 a6 11. a4 f5 12. f4 fxe4 13. Nxe4 Nf5 14. Nxf5 Bxf5
15. Ng5 Qe7 16. g4 Be4+ 17. Nxe4 Qxe4+ 18. Bf3 Qe8 19. Rae1 Qd7 20. b3 Kh8 21.
Re2 Rae8 22. Rfe1 b6 23. Qd3 a5 24. Qc4 Ne5 25. fxe5 Rxf3 26. exd6 Qxd6 27. Bf4
Rxe2 28. Bxd6 Rxe1+ 29. Kg2 Rc3 30. Qd5 Rxc2+ 31. Kh3 Re3+ 32. Bg3 Be5 33. Qd8+
Kg7 34. Qe7+ Kg8 35. Qe8+ 1/2-1/2

[Event "DEM U14w 2013"]
[Site "Oberhof GER"]
[Date "2013.05.25"]
[Round "9"]
[White "Weis, Olga"]
[Black "Sieber, Fiona"]
[Result "0-1"]
[Termination "normal"]
[Board "1"]
[WhiteElo "1676"]
[BlackElo "1836"]
[PlyCount "68"]
[WhiteFideId "1270234"]
[BlackFideId "12902373"]
[EventCountry "GER"]
[EventRounds "9"]
[EventType "swiss"]
[EventDate "2013.05.18"]

1. e4 c5 2. Nf3 d6 3. d4 cxd4 4. Nxd4 Nf6 5. Nc3 Nc6 6. g3 g6 7. Bg2 Nxd4 8.
Qxd4 Bg7 9. O-O O-O 10. Qd3 Nd7 11. Nd5 Nc5 12. Qd1 e6 13. Ne3 Qe7 14. Nc4 Nxe4
15. Bxe4 d5 16. Bxd5 exd5 17. Qxd5 Bh3 18. Bg5 Qc7 19. Rfe1 Be6 20. Rxe6 fxe6
21. Qxe6+ Qf7 22. Qe2 Rae8 23. Qf1 Qd5 24. Bf4 Rd8 25. Ne3 Qc5 26. c3 g5 27. b4
Qe7 28. Qc4+ Kh8 29. Bc7 Rc8 30. Nd5 Qf7 31. Qc5 b6 32. Qd6 Qxf2+ 33. Kh1 Qe2
34. Rg1 Qe4+ 0-1

[Event "DEM U14w 2013"]
[Site "Oberhof GER"]
[Date "2013.05.25"]
[Round "9"]
[White "Gatzke, Carolin"]
[Black "Nobis, Anna"]
[Result "0-1"]
[Termination "normal"]
[Board "2"]
[WhiteElo "1608"]
[BlackElo "1757"]
[PlyCount "78"]
[WhiteFideId "12943746"]
[BlackFideId "1270302"]
[EventCountry "GER"]
[EventRounds "9"]
[EventType "swiss"]
[EventDate "2013.05.18"]

1. e4 c5 2. Nf3 Nc6 3. d4 cxd4 4. Nxd4 e5 5. Nb5 d6 6. N1c3 a6 7. Na3 Be7 8.
Nc4 b5 9. Ne3 Nf6 10. Bd3 Nb4 11. O-O Nxd3 12. Qxd3 O-O 13. a4 b4 14. Ncd5 a5
15. Rd1 Nxd5 16. Nxd5 Ba6 17. Nxe7+ Qxe7 18. Qxd6 Rfd8 19. Bg5 Qxd6 20. Bxd8
Rxd8 21. Rxd6 Rxd6 22. g3 Rd2 23. Rc1 Be2 24. Kg2 Rd1 25. Rxd1 Bxd1 26. c4 bxc3
27. bxc3 Bxa4 28. Kf3 Bb5 29. Ke3 a4 30. Kd2 a3 31. Kc2 a2 32. Kb2 Bc4 33. f4
exf4 34. gxf4 Kf8 35. e5 Ke7 36. f5 f6 37. e6 g6 38. fxg6 hxg6 39. h4 Kxe6 0-1

[Event "DEM U14w 2013"]
[Site "Oberhof GER"]
[Date "2013.05.25"]
[Round "9"]
[White "Brandl, Lea"]
[Black "Wächter, Nathalie"]
[Result "1-0"]
[Termination "normal"]
[Board "5"]
[WhiteElo "1708"]
[BlackElo "1702"]
[PlyCount "73"]
[WhiteFideId "24693049"]
[BlackFideId "12921033"]
[EventCountry "GER"]
[EventRounds "9"]
[EventType "swiss"]
[EventDate "2013.05.18"]

1. d4 f5 2. g3 Nf6 3. c4 g6 4. Bg2 Bg7 5. Nc3 c6 6. e3 O-O 7. Nge2 d6 8. O-O
Qc7 9. b4 e5 10. Qb3 Kh8 11. Bb2 Be6 12. d5 Bg8 13. Rac1 Nbd7 14. a4 Rac8 15.
Rfd1 a6 16. a5 Qb8 17. Qa4 e4 18. Nf4 Ne5 19. Qb3 Rfe8 20. h4 Bf7 21. Nce2 b5
22. axb6 Qxb6 23. Nd4 c5 24. bxc5 Qxc5 25. Ba3 Qc7 26. Nde6 Qd7 27. Bf1 Rb8 28.
Qc2 h6 29. Be2 Kh7 30. Kg2 Rec8 31. Qd2 Neg4 32. Bb2 Nxf2 33. Bxf6 Nxd1 34.
Bxg7 g5 35. hxg5 hxg5 36. Qxd1 Bg6 37. Qh1+ 1-0

[Event "DEM U14w 2013"]
[Site "Oberhof GER"]
[Date "2013.05.25"]
[Round "9"]
[White "Kluge, Leyla"]
[Black "Moses, Selina"]
[Result "1-0"]
[Termination "normal"]
[Board "6"]
[WhiteElo "1678"]
[BlackElo "1760"]
[PlyCount "111"]
[WhiteFideId "12918172"]
[BlackFideId "12908070"]
[EventCountry "GER"]
[EventRounds "9"]
[EventType "swiss"]
[EventDate "2013.05.18"]

1. c4 e5 2. Nc3 Nf6 3. g3 d5 4. cxd5 Nxd5 5. Bg2 Nb6 6. Nf3 Nc6 7. O-O Be7 8.
a4 a5 9. e3 O-O 10. d4 exd4 11. Nxd4 Nb4 12. e4 Bc5 13. Nb3 Be7 14. Bf4 Be6 15.
Qxd8 Bxd8 16. Nd4 Bc4 17. Rfd1 Nd3 18. b3 Nxf4 19. gxf4 Ba6 20. Rac1 c6 21. Nf5
Bc7 22. e5 Rad8 23. Bf1 Bxf1 24. Kxf1 Nc8 25. Ne4 g6 26. Nf6+ Kh8 27. Ne3 Rxd1+
28. Rxd1 Rd8 29. Rd7 Rxd7 30. Nxd7 b5 31. Ke2 Nb6 32. Nc5 bxa4 33. Nxa4 Nxa4
34. bxa4 Kg7 35. Kd3 Kf8 36. Nc4 Ke7 37. Kd4 f6 38. Kc5 fxe5 39. fxe5 Ke6 40.
Kxc6 Bxe5 41. Nxe5 Kxe5 42. f4+ Kxf4 43. Kb5 Kg4 44. Kxa5 Kh3 45. Kb6 Kxh2 46.
a5 h5 47. a6 h4 48. a7 h3 49. a8=Q Kg1 50. Qa1+ Kg2 51. Qb2+ Kg1 52. Qb1+ Kg2
53. Qxg6+ Kh1 54. Qe4+ Kg1 55. Qg4+ Kh2 56. Kc5 1-0

[Event "DEM U14w 2013"]
[Site "Oberhof GER"]
[Date "2013.05.25"]
[Round "9"]
[White "Sherif, Amina"]
[Black "Schumann, Rabea"]
[Result "1/2-1/2"]
[Termination "normal"]
[Board "7"]
[WhiteElo "1630"]
[BlackElo "1497"]
[PlyCount "70"]
[WhiteFideId "12911690"]
[BlackFideId "12918199"]
[EventCountry "GER"]
[EventRounds "9"]
[EventType "swiss"]
[EventDate "2013.05.18"]

1. e4 e5 2. Nf3 d6 3. d4 exd4 4. Nxd4 Nf6 5. Nc3 Be7 6. Bc4 O-O 7. O-O Re8 8.
Re1 Bf8 9. Bg5 c6 10. h3 Nbd7 11. a3 h6 12. Bh4 Ne5 13. Bb3 Ng6 14. Bg3 Qc7 15.
Qd2 a6 16. Nf3 Be6 17. Bxe6 fxe6 18. e5 Nxe5 19. Nxe5 dxe5 20. Bxe5 Qd7 21. Qf4
Nd5 22. Qg3 Nxc3 23. Bxc3 Qf7 24. Rad1 Rad8 25. Qe3 Rxd1 26. Rxd1 Be7 27. Rd7
Rd8 28. Rxd8+ Bxd8 29. Qd3 Bf6 30. Bxf6 Qxf6 31. c3 Qf4 32. Qd8+ Kh7 33. Qd3+
Kg8 34. Qd8+ Kh7 35. Qd3+ Kg8 1/2-1/2

[Event "DEM U14w 2013"]
[Site "Oberhof GER"]
[Date "2013.05.25"]
[Round "9"]
[White "Diener, Carolin Valeria"]
[Black "Ley, Sabrina"]
[Result "1-0"]
[Termination "normal"]
[Board "8"]
[WhiteElo "1730"]
[BlackElo "1479"]
[PlyCount "49"]
[WhiteFideId "24699063"]
[BlackFideId "12938130"]
[EventCountry "GER"]
[EventRounds "9"]
[EventType "swiss"]
[EventDate "2013.05.18"]

1. e4 c5 2. Nf3 e6 3. d4 cxd4 4. Nxd4 h6 5. Nc3 Qc7 6. Bd3 Nf6 7. O-O d6 8. Be3
b6 9. Kh1 Bb7 10. f4 Be7 11. a3 O-O 12. Qf3 Nbd7 13. Nb3 d5 14. exd5 Nxd5 15.
Nxd5 Bxd5 16. Qh3 Nf6 17. Nd4 Qb7 18. Nf3 Ne4 19. Nd2 Ng5 20. fxg5 g6 21. Rf2
Rfd8 22. Raf1 e5 23. Bc4 Bxc4 24. Nxc4 Rf8 25. Nxe5 1-0

[Event "DEM U14w 2013"]
[Site "Oberhof GER"]
[Date "2013.05.25"]
[Round "9"]
[White "Simon, Tessa"]
[Black "Döpper, Anna Berenice"]
[Result "1-0"]
[Termination "normal"]
[Board "9"]
[WhiteElo "1547"]
[BlackElo "1532"]
[PlyCount "83"]
[WhiteFideId "12929395"]
[BlackFideId "1271853"]
[EventCountry "GER"]
[EventRounds "9"]
[EventType "swiss"]
[EventDate "2013.05.18"]

1. e4 e6 2. d4 d5 3. Nc3 Nf6 4. Bg5 dxe4 5. Nxe4 Be7 6. Bxf6 gxf6 7. Nf3 f5 8.
Nc3 a6 9. Qd2 h5 10. h4 b5 11. O-O-O Bb7 12. Kb1 Qd6 13. Qe3 Nd7 14. g3 Nf6 15.
Rg1 Ng4 16. Qe2 Bf6 17. Bh3 O-O-O 18. Rd3 Qb6 19. Rgd1 Kb8 20. Bxg4 fxg4 21.
Ne5 Bxe5 22. Qxe5 f5 23. R1d2 Qd6 24. Ne2 Be4 25. Qxd6 cxd6 26. Re3 e5 27. Kc1
Kb7 28. Nc3 exd4 29. Rxd4 d5 30. Kd2 Kc6 31. Ne2 Kd6 32. Nf4 Rc8 33. c3 Rh6 34.
Ke1 Ke5 35. Rxd5+ Kf6 36. Rd6+ Kg7 37. Rxh6 Kxh6 38. Re2 Rd8 39. Rd2 Rxd2 40.
Kxd2 Bb1 41. a3 Ba2 42. Kd3 1-0

[Event "DEM U14w 2013"]
[Site "Oberhof GER"]
[Date "2013.05.25"]
[Round "9"]
[White "Kast, Larissa"]
[Black "Semenova, Alisa"]
[Result "1/2-1/2"]
[Termination "normal"]
[Board "10"]
[WhiteElo "1680"]
[BlackElo "1581"]
[PlyCount "47"]
[WhiteFideId "24699055"]
[BlackFideId "1272132"]
[EventCountry "GER"]
[EventRounds "9"]
[EventType "swiss"]
[EventDate "2013.05.18"]

1. e4 c5 2. c4 Nc6 3. Ne2 g6 4. d4 cxd4 5. Nxd4 Nf6 6. Nc3 d6 7. Be2 Bg7 8. Nc2
O-O 9. O-O Bd7 10. Bd2 Rc8 11. Rc1 Ne5 12. b3 Bc6 13. f3 a6 14. Be3 e6 15. Qe1
Qc7 16. Rd1 Rfd8 17. Qf2 Rd7 18. Rd2 d5 19. Bb6 Qb8 20. Ba7 Qc7 21. Bb6 Qb8 22.
Ba7 Qc7 23. Bb6 Qb8 24. Ba7 1/2-1/2

[Event "DEM U14w 2013"]
[Site "Oberhof GER"]
[Date "2013.05.25"]
[Round "9"]
[White "Richardt, Angelina"]
[Black "Bach, Kira"]
[Result "1/2-1/2"]
[Termination "normal"]
[Board "11"]
[WhiteElo "1398"]
[BlackElo "1465"]
[PlyCount "55"]
[WhiteFideId "12938149"]
[BlackFideId "12907677"]
[EventCountry "GER"]
[EventRounds "9"]
[EventType "swiss"]
[EventDate "2013.05.18"]

1. e4 e6 2. d4 d5 3. exd5 exd5 4. Bd3 Bd6 5. Ne2 Ne7 6. Bf4 c6 7. c3 Qc7 8. Bg3
Bf5 9. Qc2 Bg6 10. Nd2 Nd7 11. O-O O-O 12. Rfe1 Nf6 13. Nf3 Bxd3 14. Qxd3 Ng6
15. Bxd6 Qxd6 16. Ng3 Rfe8 17. Rxe8+ Rxe8 18. Re1 Rxe1+ 19. Nxe1 Qf4 20. Qc2
Ng4 21. h3 Nf6 22. Nf3 h6 23. Qd2 Nd7 24. Qxf4 Nxf4 25. Kf1 Nd3 26. b4 b5 27.
Ke2 Nf4+ 28. Kf1 1/2-1/2

[Event "DEM U14w 2013"]
[Site "Oberhof GER"]
[Date "2013.05.25"]
[Round "9"]
[White "Hacklinger, Dilan"]
[Black "Müller, Sophie"]
[Result "1/2-1/2"]
[Termination "normal"]
[Board "12"]
[WhiteElo "1313"]
[BlackElo "1422"]
[PlyCount "47"]
[WhiteFideId "12952150"]
[BlackFideId "12926698"]
[EventCountry "GER"]
[EventRounds "9"]
[EventType "swiss"]
[EventDate "2013.05.18"]

1. e4 c5 2. b4 b6 3. bxc5 bxc5 4. Nc3 Nc6 5. Nf3 Bb7 6. Rb1 Rb8 7. Bc4 e6 8.
O-O Qc7 9. d3 Nf6 10. Nb5 Qd8 11. Bf4 d6 12. Re1 a6 13. Nc3 Nd7 14. h3 Be7 15.
Qd2 O-O 16. Bg5 Bxg5 17. Qxg5 Qxg5 18. Nxg5 Nce5 19. Bb3 h6 20. Nf3 Nxf3+ 21.
gxf3 Bc6 22. Rbc1 Rb7 23. Kh2 Ne5 24. Kg2 1/2-1/2

[Event "DEM U14w 2013"]
[Site "Oberhof GER"]
[Date "2013.05.25"]
[Round "9"]
[White "Möller, Hannah"]
[Black "Lederer, Leia"]
[Result "0-1"]
[Termination "normal"]
[Board "13"]
[WhiteElo "1600"]
[BlackElo "1547"]
[PlyCount "78"]
[WhiteFideId "1270514"]
[BlackFideId "12926353"]
[EventCountry "GER"]
[EventRounds "9"]
[EventType "swiss"]
[EventDate "2013.05.18"]

1. c4 e5 2. g3 Nc6 3. Bg2 g6 4. Nc3 Bg7 5. e3 d6 6. Nge2 f5 7. O-O Nf6 8. d4 e4
9. b3 O-O 10. f3 Qe7 11. a3 Nd8 12. Nf4 c6 13. fxe4 fxe4 14. Bb2 Nf7 15. d5 c5
16. b4 b6 17. Nb5 a6 18. Nc3 Ng4 19. Qe2 Nf6 20. Qc2 Ng5 21. h4 Nf3+ 22. Bxf3
exf3 23. Rxf3 Bg4 24. Rff1 Qxe3+ 25. Qf2 Rae8 26. Rae1 Qxf2+ 27. Kxf2 Nh5 28.
Rxe8 Rxe8 29. Nxh5 Bxh5 30. Re1 Bd4+ 31. Kf1 Rf8+ 32. Kg2 Rf2+ 33. Kh3 Rxb2 34.
Na4 Rf2 35. bxc5 bxc5 36. Rc1 Bf3 37. Nb6 h5 38. g4 Be5 39. gxh5 Rh2# 0-1

[Event "DEM U14w 2013"]
[Site "Oberhof GER"]
[Date "2013.05.25"]
[Round "9"]
[White "Giede, Anna-Blume"]
[Black "Silber, Stefanie"]
[Result "1-0"]
[Termination "normal"]
[Board "14"]
[WhiteElo "1455"]
[BlackElo "1253"]
[PlyCount "109"]
[WhiteFideId "12921980"]
[BlackFideId "12918245"]
[EventCountry "GER"]
[EventRounds "9"]
[EventType "swiss"]
[EventDate "2013.05.18"]

1. e4 c6 2. d4 d5 3. exd5 cxd5 4. c4 Nf6 5. Nc3 Bf5 6. Qb3 Nc6 7. cxd5 Na5 8.
Qa4+ Nd7 9. Bd2 a6 10. b4 b5 11. Qxa5 Qxa5 12. bxa5 e6 13. dxe6 Bxe6 14. a3 Bf5
15. Nd5 Bd6 16. Bb4 Bxb4+ 17. axb4 Rc8 18. Nb6 Rc7 19. Nf3 Bg6 20. Ne5 Nxe5 21.
dxe5 O-O 22. Nd5 Rd7 23. Rd1 Rfd8 24. Ne7+ Kf8 25. Nxg6+ hxg6 26. Be2 Ke7 27.
O-O Rd4 28. Rxd4 Rxd4 29. Rb1 Ke6 30. Bf3 Kxe5 31. Bb7 Rd6 32. Rc1 Kf5 33. Kf1
Ke5 34. Ke2 Re6 35. Rc6 Rxc6 36. Bxc6 Kd6 37. Bb7 Kc7 38. Bxa6 Kc6 39. Kd3 f5
40. Kd4 g5 41. h3 g6 42. f3 f4 43. Ke5 Kc7 44. Bxb5 Kb7 45. Bd3 Kc7 46. b5 Kb7
47. Be4+ Ka7 48. b6+ Kb8 49. a6 g4 50. a7+ Kc8 51. a8=Q+ Kd7 52. Qb7+ Kd8 53.
Qc7+ Ke8 54. Bxg6+ Kf8 55. Qf7# 1-0